00841nam a2200253 a 450000100060000000300080000600500170001400800410003102000320007203500190010404000270012304100080015008200220015810000280018024500760020825000120028426000390029630000320033550000200036765000450038794200120043299900170044495201260046170363BD-RjUL20211209082005.0170417s1988 maua b 001 0 eng  a0205112552 :c$33.75 (est.) a(BD-RjUL)70577 aDLCcDLCdBD-RjULbeng aeng00a547223bLEO 19881 aLehman, John W.920835510aOperational organic chemistry :ba laboratory course /cJohn W. Lehman. a2nd ed. aBoston :bAllyn and Bacon,cc1988. ax, 775 p. :bill. ;c25 cm. aIncludes index. 0aChemistry, OrganicxExperiments.9208356 2ddccBK c70363d70363 00102ddc40718NFICaRUCLbRUCLcReadingd1990-09-06eCanadal0o547 LEO 1988r2017-04-17 00:00:00tC-1w2017-04-17yBK